[Event "TCh-CZE Extraliga 2013-14"]
[Site "Lysa nad Labem CZE"]
[Date "2013.11.02"]
[Round "1.3"]
[White "Yemelin,V"]
[Black "Kanovsky,D"]
[Result "1/2-1/2"]
[WhiteElo "2558"]
[BlackElo "2404"]

1.d4 Nf6 2.Bg5 e6 3.Nd2 d5 4.e3 Be7 5.Bd3 O-O 6.f4 b6 7.Ngf3 c5 8.Ne5 Nfd7
9.Qh5 f5 10.Ndf3 Nxe5 11.dxe5 c4 12.Be2 Qe8 13.Qxe8 Rxe8 14.Bxe7 Rxe7 15.g4 fxg4
16.Nd4 Bd7 17.Bxg4 Nc6 18.O-O-O Nxd4 19.Rxd4 Be8 20.b3 cxb3 21.axb3 Bg6 22.Kb2 Kf7
23.Rc1 b5 24.Be2 a6 25.b4 Rc8 26.c3 Rec7 27.Kb3 Be4 28.Rd2 g6 29.Rd4 Rc6
30.h4 Kg7 31.Rd2 Kh6 32.Rd4 R8c7 33.Kb2 Rc8 34.Kb3 R8c7 35.Rdd1 Rc8 36.Rd2 R8c7
37.Rd4 Rc8 38.Bg4 R8c7 39.Kb2 Rc8 40.Kb3 R8c7 41.Kb2  1/2-1/2

[Event "TCh-NED Meesterklasse 2013-14"]
[Site "Netherland NED"]
[Date "2013.11.02"]
[Round "2.8"]
[White "Buendgen,A"]
[Black "Rijnaarts,S"]
[Result "0-1"]
[WhiteElo "2209"]
[BlackElo "2360"]

1.d4 Nf6 2.Bg5 e6 3.Nd2 h6 4.Bh4 c5 5.e3 cxd4 6.exd4 Be7 7.c3 b6 8.Ngf3 Ba6
9.Bxa6 Nxa6 10.Qe2 Nc7 11.Ne5 O-O 12.O-O Nce8 13.Ndc4 Rc8 14.Ne3 d6 15.Nd3 d5
16.Ne5 Nd6 17.Rae1 b5 18.a3 a5 19.f4 Nfe4 20.Bxe7 Qxe7 21.f5 exf5 22.Nxf5 Nxf5
23.Rxf5 b4 24.axb4 axb4 25.Nd3 Qd7 26.Rxd5 Qxd5 27.Nxb4 Nxc3 28.bxc3 Qb3
29.d5 Rxc3 30.Nc6 Rc2 31.Qe4 Qb6+ 32.Kh1 Qf2 33.h3 f5 34.Qe6+ Kh7 35.Rg1 Re2
36.Qd7 Rfe8 37.Qa7 R8e3 38.Kh2 Qf4+  0-1

[Event "TCh-FIN SM 2013-14"]
[Site "Sastamala FIN"]
[Date "2013.11.03"]
[Round "6.3"]
[White "Pohjala,H"]
[Black "Pitkanen,SP"]
[Result "1-0"]
[WhiteElo "2346"]
[BlackElo "2198"]

1.d4 Nf6 2.Bg5 e6 3.Nf3 h6 4.Bh4 c5 5.e3 b6 6.c3 Bb7 7.Nbd2 Be7 8.Bd3 O-O
9.O-O d5 10.Ne5 Nc6 11.f4 Ne4 12.Nxe4 Bxh4 13.Nd2 Nxe5 14.fxe5 a5 15.Qe2 Qc8
16.Qg4 Bg5 17.Rf3 cxd4 18.cxd4 Ba6 19.Bxa6 Qxa6 20.h4 Be7 21.Raf1 Qd3 22.Rg3 Qh7
23.Rf2 Rac8 24.e4 Bb4 25.exd5 exd5 26.Nf3 Rc1+ 27.Kh2 Be1 28.Nxe1 Rxe1 29.Rf4 Rd8
30.Rgf3 Re4 31.h5 b5 32.b3 b4 33.Kg1 Rxf4 34.Qxf4 Qb1+ 35.Kh2 Qxa2 36.Qxf7+ Kh8
37.e6 Qe2 38.e7  1-0

[Event "TCh-SVK Ext 2013-14"]
[Site "Trencin SVK"]
[Date "2013.11.09"]
[Round "1.1"]
[White "Jurcik,Mari"]
[Black "Pacher,M"]
[Result "1-0"]
[WhiteElo "2481"]
[BlackElo "2446"]

1.d4 Nf6 2.Bg5 e6 3.Nd2 h6 4.Bh4 c5 5.e4 cxd4 6.e5 g5 7.Bg3 Nd5 8.Bc4 Nc6
9.Ngf3 Nb6 10.Bb3 d5 11.exd6 Bxd6 12.Qe2 Qe7 13.Bxd6 Qxd6 14.O-O-O Bd7 15.Ne4 Qf4+
16.Kb1 O-O-O 17.Nxd4 f5 18.Nxc6 Bxc6 19.Nc5 Bxg2 20.Nxe6 Qe4 21.Rxd8+ Rxd8
22.Qxe4 Bxe4 23.Nxd8 Bxh1 24.Nf7 Kd7 25.Nxh6 Be4 26.Kc1 Ke7 27.Kd2 Kf6 28.Nf7 Nd7
29.Ke3 Nc5 30.Nd6 Ke5 31.Nf7+ Kf6 32.Nd6 Ke5 33.Nc4+ Kd5 34.f4 gxf4+ 35.Kxf4 Ne6+
36.Ke3 f4+ 37.Kf2 Nd4 38.c3 Nxb3 39.axb3 Bc2 40.Kf3 Bxb3 41.Nd2 Bc2 42.Kxf4 a5
43.h4 b5 44.Nf1 Bh7 45.Ke3 Kc5 46.Nd2 b4 47.Nb3+ Kb5 48.Kd4 a4 49.c4+ Kc6
50.Nc1 Kb6 51.h5 Kc7 52.Kc5 b3 53.Kb4 Kd6 54.h6 Bg8 55.Kxa4 Kc5 56.Kxb3 Bxc4+
57.Kc3 Bg8 58.b4+ Kd5 59.Nd3 Ke6 60.Kd4 Kf6 61.b5 Be6 62.Nc5 Bc8 63.b6  1-0

[Event "TCh-SVK Ext 2013-14"]
[Site "Slovakia SVK"]
[Date "2013.11.10"]
[Round "2.2"]
[White "Jacko,V2"]
[Black "Nemeth,Mi1"]
[Result "0-1"]
[WhiteElo "2288"]
[BlackElo "2478"]

1.d4 Nf6 2.Bg5 e6 3.Nd2 h6 4.Bh4 d5 5.e3 Nbd7 6.f4 Be7 7.Bd3 c5 8.c3 Qb6
9.Rb1 Qa5 10.a3 c4 11.Bc2 b5 12.Qe2 Qc7 13.Nh3 a5 14.Ra1 Rb8 15.O-O b4 16.axb4 axb4
17.Nf2 bxc3 18.bxc3 Rb2 19.Bb1 Ne4 20.Bxe4 Bxh4 21.Bf3 O-O 22.Nd1 Rc2 23.g3 Bf6
24.e4 Nb6 25.e5 Be7 26.Qe3 Bd7 27.Nf2 Rb8 28.Bd1 Rb2 29.h4 Ra8 30.Rxa8+ Nxa8
31.Nf3 Qa5 32.Ng4 Nb6 33.Re1 Qa2 34.f5 Rg2+ 35.Kh1 Rxg3 36.Nf2 exf5 37.Re2 Qb1
38.Kh2 Bxh4 39.Qf4 g5  0-1

[Event "IX Chervonograd Cup A 2013"]
[Site "Chervonograd UKR"]
[Date "2013.11.18"]
[Round "13.3"]
[White "Rakhmangulov,A"]
[Black "Osmak,Iulija"]
[Result "1-0"]
[WhiteElo "2390"]
[BlackElo "2197"]

1.d4 Nf6 2.Bg5 e6 3.e4 d5 4.exd5 exd5 5.Bd3 Nc6 6.c3 Be7 7.Ne2 h6 8.Bh4 O-O
9.O-O Ne4 10.Bxe7 Nxe7 11.Nd2 Nxd2 12.Qxd2 Bf5 13.Rfe1 Qd7 14.Nf4 Rfe8 15.Re5 Bxd3
16.Qxd3 c6 17.Rae1 Nf5 18.Qh3 Rxe5 19.dxe5 Re8 20.Kf1 c5 21.b3 d4 22.c4 b5
23.Qd3 a6 24.Qh3 bxc4 25.bxc4 Rb8 26.Nd3 Qe6 27.Kg1 Qc8 28.Qg4 Rb6 29.h3 Ne7
30.Qxc8+ Nxc8 31.Nxc5 Rc6 32.Nb3 Rxc4 33.Rd1 Ra4 34.Rxd4 Nb6 35.Rxa4 Nxa4
36.g3 Nc3 37.a3 g5 38.Kg2 Kg7 39.Nd4 Kg6 40.f4 gxf4 41.gxf4 Nb1 42.a4 a5
43.h4 Nc3 44.f5+ Kg7 45.Kf3 Nxa4 46.Nc6 Nc5 47.Nxa5 Nd3 48.Nc6 Ne1+ 49.Kg4 Nd3
50.f6+ Kg6 51.h5+ Kh7 52.Kf5 Nc5 53.Nd8 Kg8 54.e6 fxe6+ 55.Nxe6 Nd7 56.Nd8 Nf8
57.Nc6 Nd7 58.Ke6 Nf8+ 59.Ke7 Nh7 60.Ne5 Nf8 61.Ng6  1-0

[Event "ch-VIE 2013"]
[Site "Ho Chi Minh City VIE"]
[Date "2013.11.20"]
[Round "3.3"]
[White "Duong The Anh"]
[Black "Doan Van Duc"]
[Result "1/2-1/2"]
[WhiteElo "2348"]
[BlackElo "2107"]

1.d4 Nf6 2.Bg5 e6 3.Nc3 h6 4.Bh4 d5 5.Nf3 Nbd7 6.e3 Be7 7.Bg3 O-O 8.Nb5 Ne8
9.c4 a6 10.Nc3 dxc4 11.Bxc4 b5 12.Bb3 Bb7 13.O-O Nef6 14.Rc1 c5 15.Ne5 Rc8
16.Nxd7 Qxd7 17.dxc5 Qxd1 18.Rfxd1 Rxc5 19.Ne2 Rfc8 20.Rxc5 Rxc5 21.f3 Bd5
22.Bxd5 Nxd5 23.e4 Ne3 24.Rc1 Rxc1+ 25.Nxc1 Nc4 26.b3 Na5 27.Nd3 Nc6 28.Bf2 Kf8
29.Kf1 Ke8 30.Ke2 Nb4 31.Nxb4 Bxb4  1/2-1/2

[Event "23rd World Seniors 2013"]
[Site "Opatija CRO"]
[Date "2013.11.20"]
[Round "8.11"]
[White "Cebalo,M"]
[Black "Moen,OC"]
[Result "1-0"]
[WhiteElo "2415"]
[BlackElo "2232"]

1.d4 Nf6 2.Bg5 e6 3.e4 h6 4.Bxf6 Qxf6 5.c3 c5 6.e5 Qg6 7.Nf3 cxd4 8.cxd4 b6
9.Nc3 Bb7 10.h4 Be7 11.Rh3 Bb4 12.Rg3 Qe4+ 13.Be2 g5 14.Kf1 Qf4 15.Qc1 Nc6
16.Qxf4 gxf4 17.Rg4 Ne7 18.Nb5 Nd5 19.Rc1 Kf8 20.h5 Rg8 21.Rxg8+ Kxg8 22.a3 Be7
23.Bd3 Bc6 24.Ke2 f6 25.Nc3 Nxc3+ 26.Rxc3 Rc8 27.Nd2 d6 28.Ba6 Rc7 29.Ke1 dxe5
30.Bb5 Bc5 31.Bxc6 Bxd4 32.Rc4 Bxb2 33.a4 Kf8 34.Ke2 Ke7 35.Bb5 Rxc4 36.Nxc4 Bd4
37.f3 f5 38.Kd3 Kf6 39.Ba6 Kg5 40.Bc8 Kxh5 41.Bxe6 Kg5 42.Nd6 Bc5 43.Nxf5 a6
44.Ke4 b5 45.axb5 axb5 46.Kxe5 Be3 47.Ke4  1-0

[Event "23rd World Seniors 2013"]
[Site "Opatija CRO"]
[Date "2013.11.21"]
[Round "9.58"]
[White "Nickl,K"]
[Black "Marks,I"]
[Result "1/2-1/2"]
[WhiteElo "2122"]
[BlackElo "1948"]

1.d4 Nf6 2.Bg5 e6 3.e4 h6 4.Bxf6 Qxf6 5.c3 d5 6.e5 Qd8 7.a3 a5 8.Nd2 c5 9.Ngf3 Qb6
10.Qb3 Qxb3 11.Nxb3 c4 12.Nbd2 Nc6 13.a4 f6 14.b3 cxb3 15.Nxb3 fxe5 16.Nxe5 Nxe5
17.dxe5 g5 18.Bb5+ Bd7 19.Nd4 Ke7 20.Bxd7 Kxd7 21.Rb1 Rb8 22.Rb6 Bc5 23.Rxe6 Rbe8
24.Rxe8 Rxe8 25.e6+ Kc7 26.Kd2  1/2-1/2

[Event "Great Hopes GM 2013"]
[Site "Budapest HUN"]
[Date "2013.11.24"]
[Round "8.1"]
[White "Balog,I1"]
[Black "Troff,Kayden W"]
[Result "1-0"]
[WhiteElo "2539"]
[BlackElo "2457"]

1.d4 Nf6 2.Bg5 e6 3.Nf3 h6 4.Bh4 b6 5.e3 Bb7 6.Nbd2 c5 7.c3 Be7 8.Bd3 cxd4
9.exd4 d6 10.O-O Nbd7 11.a4 a6 12.Qe2 O-O 13.Nc4 Qc7 14.Nfd2 Nd5 15.Bg3 b5
16.Ne3 bxa4 17.Rxa4 a5 18.Rfa1 Bc6 19.Nxd5 Bxd5 20.Nc4 Bxc4 21.Rxc4 Qb6 22.Rca4 Nf6
23.h3 Rfc8 24.R1a2 Bd8 25.Bc2 Ra7 26.Bf4 Qc6 27.Qd3 d5 28.Be5 Rca8 29.R4a3 Be7
30.b4 Qb6 31.bxa5 Rxa5 32.Rb3 Qxb3 33.Rxa5 Qb7 34.Bxf6 Kf8 35.Bxg7+ Ke8 36.Ba4+ Kd8
37.Qb5  1-0

[Event "9th Ugra Governor's Cup B"]
[Site "Khanty-Mansiysk RUS"]
[Date "2013.11.29"]
[Round "2"]
[White "Soloviov,V"]
[Black "Ivanets,V RUS"]
[Result "0-1"]
[WhiteElo "1881"]
[BlackElo "2146"]

1.d4 Nf6 2.Bg5 e6 3.Nd2 h6 4.Bh4 d5 5.e3 Be7 6.Bd3 Nc6 7.c4 e5 8.Bxf6 Bxf6
9.cxd5 Qxd5 10.Be4 Qd7 11.d5 Ne7 12.Qb3 O-O 13.Ngf3 Nf5 14.Nc4 Nd6 15.Nxd6 cxd6
16.h3 Bd8 17.g4 Ba5+ 18.Nd2 Qe7 19.Qd3 Bd7 20.O-O-O b5 21.Kb1 Bb6 22.Rdg1 a5
23.h4 g6 24.Nf3 Rac8 25.Nd2 a4 26.Nf1 b4 27.Ng3 a3 28.b3 Rc3 29.Qe2 Kh7 30.Qf3 Rfc8
31.Nf5 gxf5 32.gxf5 Qf6  0-1

[Event "14th Puhajarve Rapid"]
[Site "Puhajarve EST"]
[Date "2013.11.29"]
[Round "2.4"]
[White "Volodin,Alek"]
[Black "Kulaots,K"]
[Result "1/2-1/2"]
[WhiteElo "2477"]
[BlackElo "2567"]

1.d4 Nf6 2.Bg5 e6 3.Nd2 c5 4.e3 cxd4 5.exd4 Be7 6.c3 b6 7.Bd3 Bb7 8.Ngf3 Nc6
9.O-O Nd5 10.Bxe7 Ncxe7 11.Ne4 O-O 12.Nd6 Bc6 13.Ne5 Nf4 14.Nxc6 dxc6 15.Nc4 c5
16.Be4 Rc8 17.dxc5 Rxc5 18.Qxd8 Rxd8 19.Rfd1 Rxd1+ 20.Rxd1 f5 21.Rd8+ Kf7
22.Nd6+ Kf6 23.Bf3 e5 24.g3 Ne6 25.Ra8 e4 26.Be2 Nc6 27.Rc8 Ne5 28.Ra8 Nc6
29.Rc8 Ne5 30.Ra8 Nc6  1/2-1/2

[Event "73rd ch-ITA"]
[Site "Rome ITA"]
[Date "2013.11.29"]
[Round "8.5"]
[White "Rombaldoni,D"]
[Black "Caprio,G"]
[Result "1-0"]
[WhiteElo "2462"]
[BlackElo "2418"]

1.d4 Nf6 2.Bg5 e6 3.Nd2 h6 4.Bh4 c5 5.e4 d5 6.e5 g5 7.Bg3 Nfd7 8.h4 g4 9.Qxg4 Nc6
10.Ngf3 Qb6 11.O-O-O h5 12.Qf4 cxd4 13.Ng5 Ndxe5 14.Ndf3 Bg7 15.Nxe5 Nxe5
16.Re1 Qa5 17.Rxe5 Bxe5 18.Bb5+ Qxb5 19.Qxf7+ Kd8 20.Bxe5  1-0

[Event "14th Puhajarve Rapid"]
[Site "Puhajarve EST"]
[Date "2013.11.30"]
[Round "19.3"]
[White "Vorobjov,P"]
[Black "Georgiev,Ki"]
[Result "1/2-1/2"]
[WhiteElo "2207"]
[BlackElo "2648"]

1.d4 Nf6 2.Bg5 e6 3.e4 h6 4.Bxf6 Qxf6 5.Nf3 c5 6.e5 Qd8 7.dxc5 Bxc5 8.Bd3 Nc6
9.O-O d6 10.exd6 O-O 11.Nc3 Bxd6 12.Ne4 Bc7 13.Qe2 e5 14.Bc4 Kh8 15.Rad1 Qe7
16.Nc3 Be6 17.Bxe6 Qxe6 18.Nd5 Rac8 19.c4 e4 20.Nxc7 Rxc7 21.Nd4 Nxd4 22.Rxd4 f5
23.Rfd1 Kh7 24.b3 b6 25.h3 Re7 26.Rd6 Qf7 27.R1d4 Rfe8 28.Rd8 Rxd8 29.Rxd8 f4
30.Rd4 Qg6 31.f3 exf3 32.Qxf3 Rf7 33.Rxf4 Rxf4 34.Qxf4 Qb1+ 35.Kh2 Qxa2 36.Qf5+ Kh8  1/2-1/2

[Event "14th Puhajarve Rapid"]
[Site "Puhajarve EST"]
[Date "2013.11.30"]
[Round "20.5"]
[White "Vorobjov,P"]
[Black "Kulaots,K"]
[Result "1/2-1/2"]
[WhiteElo "2207"]
[BlackElo "2567"]

1.d4 Nf6 2.Bg5 e6 3.e4 h6 4.Bxf6 Qxf6 5.Nf3 d6 6.e5 Qd8 7.Bd3 Nd7 8.O-O dxe5
9.Nxe5 Nxe5 10.dxe5 Bd7 11.Nc3 Bc6 12.Qg4 Qg5 13.Qxg5 hxg5 14.Be4 Bxe4 15.Nxe4 g4
16.Rae1 Rd8 17.f3 gxf3 18.Rxf3 Be7 19.Ref1 O-O 20.Rg3 Rd5 21.Nf6+ Bxf6 22.exf6 g6
23.Rc3 c5 24.Ra3 a6 25.Rb3 b5 26.Ra3 Rd6 27.h4 Rfd8 28.h5 gxh5 29.Rg3+ Kf8
30.Rg7 Rd1 31.Rh7 Rxf1+ 32.Kxf1 Ke8 33.Rh8+ Kd7 34.Rxh5 Kd6 35.Rh7 Rd7 36.Ke2 e5
37.g4 Ke6 38.g5 Kf5 39.Rg7 c4 40.a3 a5 41.Ke3 b4 42.axb4 axb4 43.b3 c3 44.Rg8 Rd2
45.Rg7 Rxc2 46.Rxf7 Kxg5 47.Rb7 Kxf6 48.Rxb4 Rh2 49.Rc4 c2 50.b4 Ke6 51.b5 Kd5
52.Rc8 Rh3+ 53.Kd2 Rb3 54.Rxc2 Rxb5 55.Ke3 Rb3+ 56.Ke2 Ke4 57.Ra2 Rh3 58.Ra4+ Kf5
59.Rb4 e4 60.Rb8 Rh2+ 61.Ke3 Rh3+ 62.Ke2 Rh2+  1/2-1/2

[Event "14th Puhajarve Rapid"]
[Site "Puhajarve EST"]
[Date "2013.11.30"]
[Round "21.2"]
[White "Volodin,Alek"]
[Black "Sepp,O"]
[Result "0-1"]
[WhiteElo "2477"]
[BlackElo "2440"]

1.d4 Nf6 2.Bg5 e6 3.Nd2 d6 4.e3 Be7 5.Bd3 Nbd7 6.c3 b6 7.Ngf3 Bb7 8.h3 h6
9.Bh4 O-O 10.O-O Re8 11.Qb3 a6 12.Rad1 c5 13.Qc2 Qc7 14.Bg3 Rac8 15.Rfe1 b5
16.a4 Qb6 17.Bf1 Bf8 18.Qb3 c4 19.Qc2 e5 20.e4 g6 21.axb5 axb5 22.b3 exd4
23.cxd4 c3 24.Nb1 Bxe4 25.Rxe4 Nxe4 26.Bf4 d5 27.Bd3 b4 28.Be3 Bg7 29.Nh4 Bxd4
30.Bxe4 Rxe4  0-1

[Event "Snowdrops vs Old Hands Match 2013"]
[Site "Podebrady CZE"]
[Date "2013.12.02"]
[Round "3.4"]
[White "Muzychuk,M"]
[Black "Uhlmann,W"]
[Result "1-0"]
[WhiteElo "2491"]
[BlackElo "2334"]

1.d4 Nf6 2.Bg5 e6 3.e4 h6 4.Bxf6 Qxf6 5.Nc3 d6 6.Qd2 g6 7.O-O-O Bg7 8.f4 O-O
9.Nf3 Qe7 10.h4 h5 11.e5 b6 12.Ne4 Bb7 13.Bd3 Nc6 14.g4 hxg4 15.Nfg5 Nxd4
16.h5 dxe5 17.hxg6 f5 18.Qh2 Rfe8 19.fxe5 fxe4 20.Nxe4 Bxe4 21.Bxe4 Qg5+
22.Kb1 Rad8 23.Qh7+ Kf8 24.Rdf1+ Nf5 25.Bxf5 exf5 26.Rh5 Rd1+ 27.Rxd1 Qf4
28.c3 Qe4+ 29.Ka1 Qxe5 30.a3 g3 31.Rf1  1-0

[Event "e2e4 Buxton Open"]
[Site "Buxton ENG"]
[Date "2013.12.06"]
[Round "3"]
[White "Bourne,Jo"]
[Black "Brown,Mart"]
[Result "0-1"]
[WhiteElo "2081"]
[BlackElo "2183"]

1.d4 Nf6 2.Bg5 e6 3.e4 h6 4.Bxf6 Qxf6 5.Qd3 d6 6.Nc3 b6 7.e5 Qd8 8.Qf3 d5
9.a3 c5 10.Bb5+ Bd7 11.Nge2 Bxb5 12.Nxb5 a6 13.Nbc3 Nc6 14.Qe3 Qc7 15.f4 cxd4
16.Nxd4 Bc5 17.Nce2 Nxd4 18.Nxd4 Bxd4 19.Qxd4 Qxc2 20.Qxb6 Qe4+ 21.Kd1 O-O
22.Qf2 Rfc8 23.Re1 Qd3+ 24.Qd2 Qb3+ 25.Ke2 Rc2 26.Rad1 Qxb2  0-1

[Event "e2e4 Buxton Open"]
[Site "Buxton ENG"]
[Date "2013.12.06"]
[Round "3"]
[White "Walton,A"]
[Black "Richmond,J"]
[Result "0-1"]
[WhiteElo "2179"]
[BlackElo "2074"]

1.d4 Nf6 2.Bg5 e6 3.e4 h6 4.Bxf6 Qxf6 5.Nc3 c5 6.d5 d6 7.Bb5+ Nd7 8.dxe6 fxe6
9.Nf3 a6 10.e5 Qf4 11.g3 Qb4 12.Bd3 Qxb2 13.Bg6+ Kd8 14.Ne4 Nxe5 15.Nxe5 Qxe5
16.f4 Qd5 17.Qe2 Kc7 18.O-O Be7 19.Rfd1 Qc6 20.Nc3 Bf6 21.Qd3 Bd4+ 22.Kf1 Qh1+
23.Ke2 Qg2+  0-1

[Event "5th Classic Open 2013"]
[Site "London ENG"]
[Date "2013.12.07"]
[Round "1.47"]
[White "Barasi,Paul Dl"]
[Black "Richardson,Joh"]
[Result "0-1"]
[WhiteElo "1914"]
[BlackElo "2340"]

1.d4 Nf6 2.Bg5 e6 3.e4 h6 4.Bxf6 Qxf6 5.c3 d6 6.Bd3 Nc6 7.Nd2 Bd7 8.Ngf3 g5
9.Nc4 g4 10.Nfd2 h5 11.Qe2 O-O-O 12.O-O-O Bh6 13.Kb1 Qg7 14.Nf1 f5 15.exf5 exf5
16.Ng3 Qf7 17.Qc2 Rdf8 18.Rhe1 h4 19.Nf1 Bg7 20.b4 f4 21.b5 Nb8 22.Qb3 h3
23.g3 Bf5 24.Kb2 Bxd3 25.Rxd3 Qg6 26.Rd2 fxg3 27.Nxg3 Rf3 28.Re6 Rf6 29.Rxf6 Bxf6
30.Re2 Nd7 31.Qa4 Kb8 32.Na5 Nb6 33.Qd1 Qg5 34.Qd3 Qd5 35.Qg6 Qxb5+ 36.Nb3 Rf8
37.Kc2 Qa4 38.Kb1 Nd5 39.Ne4 Qc4 40.Re1 a6 41.Kb2 Ka7 42.Qh6 Be7 43.Qe6 Bh4
44.Rc1 Rf4 45.Nbd2 Qb5+ 46.Ka1 Nf6 47.Rb1 Qd5 48.Qxd5 Nxd5 49.Rf1 Nf6 50.Nxf6 Rxf6
51.f3 g3 52.hxg3 Bxg3 53.Ne4 Rg6 54.Rh1 d5 55.Nd2 h2 56.Nf1 Bf4  0-1

[Event "5th Classic Open 2013"]
[Site "London ENG"]
[Date "2013.12.08"]
[Round "2.42"]
[White "Summerscale,A"]
[Black "Vachtfeidl,P"]
[Result "1-0"]
[WhiteElo "2423"]
[BlackElo "1985"]

1.d4 Nf6 2.Bg5 e6 3.e4 h6 4.Bxf6 Qxf6 5.c3 d5 6.e5 Qd8 7.Nf3 c5 8.dxc5 Bxc5
9.Bd3 Nc6 10.O-O O-O 11.Bc2 Qc7 12.Qe2 a5 13.Nbd2 b6 14.Bd3 a4 15.Rac1 Qa7
16.b4 axb3 17.axb3 Qc7 18.b4 Be7 19.Nb3 Bb7 20.Bb1 Ra3 21.Nbd4 Nxd4 22.Nxd4 Ba6
23.Qc2 g6 24.Nxe6 Qxe5 25.Rfe1 Qf6 26.Nxf8 Bxf8 27.Qb2 Ra4 28.Bc2 Rxb4 29.Qa1 Bc5
30.cxb4 Bxf2+ 31.Kh1 Qxa1 32.Rxa1 Bxe1 33.Rxa6 Bxb4 34.Rxb6  1-0

[Event "Lidums AUS YM 2013"]
[Site "Adelaide AUS"]
[Date "2013.12.09"]
[Round "5.2"]
[White "Brown,An"]
[Black "Ly,Mo"]
[Result "0-1"]
[WhiteElo "2245"]
[BlackElo "2433"]

1.d4 Nf6 2.Bg5 e6 3.e4 h6 4.Bxf6 Qxf6 5.Nc3 d6 6.Qd2 g6 7.f4 Bg7 8.Nf3 O-O
9.O-O-O Nd7 10.g4 c6 11.h4 c5 12.dxc5 Nxc5 13.e5 dxe5 14.Nxe5 Qe7 15.Bg2 Bd7
16.Qd6 Qxd6 17.Rxd6 Bc8 18.g5 a5 19.Ne4 Nxe4 20.Bxe4 Bxe5 21.fxe5 a4 22.Re1 Ra5
23.Bf3 Kg7 24.gxh6+ Kxh6 25.Rd4 f6 26.exf6 Rxf6 27.Bd1 e5 28.Rb4 Rf4 29.a3 Rf2
30.c3 Rf4 31.Bc2 Rc5 32.Bxa4 Rcc4 33.Rxe5 Rxb4 34.axb4 Rxh4 35.Re8 Rc4 36.Re7 g5
37.Kd2 Rf4 38.Ke3 Rf1 39.Rc7 Rf8 40.Bb3 g4 41.Rf7 Re8+ 42.Kf4 Re2 43.Rc7 Rf2+
44.Kg3 Rf3+ 45.Kg2 Bf5 46.Bd5 Rd3 47.Bxb7 Kg5 48.Rc5 Kf4 49.Rc4+ Ke5 50.Rc5+ Kf4
51.Rc4+ Ke5 52.b3 Rd2+ 53.Kg3 Rd3+ 54.Kf2 Rd2+ 55.Ke3 Rd3+ 56.Ke2 Rd8 57.Rc5+ Kf4
58.b5 Bd3+ 59.Kf2 Re8 60.Bc6 g3+ 61.Kg1 Re1+ 62.Kg2 Bf1+  0-1

[Event "5th Penang Open 2013"]
[Site "George Town MAS"]
[Date "2013.12.10"]
[Round "3.4"]
[White "Menkinoski,R"]
[Black "Yoseph,Theolifus Taher"]
[Result "0-1"]
[WhiteElo "2359"]
[BlackElo "2242"]

1.d4 Nf6 2.Bg5 e6 3.e3 Be7 4.Bd3 c5 5.c3 Nc6 6.Nd2 d5 7.Ngf3 Bd7 8.O-O h6
9.Bxf6 gxf6 10.dxc5 Bxc5 11.c4 dxc4 12.Nxc4 Be7 13.Bc2 Qc7 14.Nd4 a6 15.a4 f5
16.Nd2 Rg8 17.N2b3 Bd6 18.Qh5 Ne5 19.Rfe1 O-O-O 20.Nd2 Rg5 21.Qh3 Ng6 22.g3 h5
23.Qf1 h4 24.Qc4 hxg3 25.Qxc7+ Bxc7 26.fxg3 Rh5 27.Bd1 Rh6 28.Bf3 e5 29.N4b3 Be6
30.Bg2 Bb6 31.Kh1 Rdh8 32.h3 f4 33.g4 Bxg4 34.Nc4 Bc7 35.Nc5 f6 36.Kg1  0-1

[Event "5th Penang Open 2013"]
[Site "George Town MAS"]
[Date "2013.12.13"]
[Round "8.10"]
[White "Nouri,H"]
[Black "Jamals,H"]
[Result "1-0"]
[WhiteElo "2355"]
[BlackElo "2123"]

1.d4 Nf6 2.Bg5 e6 3.e4 h6 4.Bxf6 Qxf6 5.Nf3 d6 6.Nc3 a6 7.Qd2 Nd7 8.O-O-O Qe7
9.h4 b6 10.g3 Bb7 11.Bh3 O-O-O 12.Rhe1 Kb8 13.d5 e5 14.Kb1 g6 15.a4 Bg7 16.Qd3 Rhf8
17.Qc4 Rde8 18.Re3 Qd8 19.h5 f5 20.hxg6 f4 21.gxf4 exf4 22.Ree1 Ne5 23.Nxe5 Rxe5
24.f3 Rg5 25.Bf5 Bf6 26.Qb3 Rg3 27.Rd3 Re8 28.a5 Ka7 29.axb6+ cxb6 30.Qb4 Qe7  1-0

[Event "5th Classic Open 2013"]
[Site "London ENG"]
[Date "2013.12.13"]
[Round "7.85"]
[White "Barasi,Paul Dl"]
[Black "Pattni,Kishan"]
[Result "1-0"]
[WhiteElo "1914"]
[BlackElo "1715"]

1.d4 Nf6 2.Bg5 e6 3.e4 Be7 4.e5 Nd5 5.Bxe7 Qxe7 6.c4 Nb6 7.Nf3 d5 8.c5 N6d7
9.Nc3 c6 10.Bd3 O-O 11.O-O a5 12.a3 f6 13.exf6 Qxf6 14.Re1 b6 15.cxb6 Nxb6
16.Qe2 Na6 17.Qe3 Nc7 18.Ne5 Bb7 19.Rac1 Rad8 20.Ne2 Rd6 21.Qg3 Nd7 22.Ng6 Ne8
23.Nxf8 Nxf8 24.f4 g6 25.Qe3 Ng7 26.Rc5 Qd8 27.Qd2 Qb6 28.Qc3 Nd7 29.Rxa5 e5
30.Qb4 e4 31.Qxd6 exd3 32.Qb4 dxe2 33.Qxb6 Nxb6 34.Ra7 Bc8 35.Rxe2 Kf8 36.a4 Be6
37.a5 Nc4 38.a6 Nb6 39.Rb7 Nc8 40.a7 Nxa7 41.Rxa7 Bf7 42.Ree7  1-0

[Event "20th Zadar Open B 2013"]
[Site "Zadar CRO"]
[Date "2013.12.15"]
[Round "1.1"]
[White "Rosandic,D"]
[Black "Samblic,S"]
[Result "1-0"]
[WhiteElo "2285"]
[BlackElo "1999"]

1.d4 Nf6 2.Bg5 e6 3.Nd2 Be7 4.Ngf3 d5 5.e3 Nbd7 6.Bd3 c5 7.c3 Qc7 8.O-O O-O
9.e4 dxe4 10.Nxe4 h6 11.Bh4 Re8 12.Bg3 Qb6 13.Qe2 Nxe4 14.Bxe4 Nf6 15.Bd3 Bd7
16.Rfe1 Bc6 17.dxc5 Qxc5 18.Ne5 Bf8 19.Nxc6 bxc6 20.Be5 Be7 21.Rad1 Rad8
22.a3 Rd5 23.c4 Rdd8 24.b4 Qb6 25.Qf3 c5 26.b5 Kf8 27.Bc3 Rd7 28.g3 Red8
29.a4 Qb7 30.Qe2 Qc7 31.a5 Ne8 32.Be4 Rxd1 33.Rxd1 Bf6 34.Rxd8 Qxd8 35.Qd2 Qc7
36.Bf3 Ke7 37.Bxf6+ gxf6 38.h4 Nd6 39.Qc3 Nf5 40.Qa3 Nd4 41.Bg2 f5 42.b6 axb6
43.a6 Nc6 44.Bxc6 Qxc6 45.a7 Qa8 46.Qa6 f4 47.Qxb6 fxg3 48.Qb8 Qe4 49.Qxg3 e5
50.Qg2  1-0

[Event "WYCC U16 Girls 2013"]
[Site "Al-Ain UAE"]
[Date "2013.12.18"]
[Round "1.4"]
[White "Fiadosenka,Rahneda"]
[Black "Osmak,Iulija"]
[Result "0-1"]
[WhiteElo "1845"]
[BlackElo "2212"]

1.d4 Nf6 2.Bg5 e6 3.Nf3 c5 4.e3 Qb6 5.Qc1 d5 6.Nbd2 Bd7 7.Bd3 Bb5 8.O-O Bxd3
9.cxd3 Nbd7 10.Nb3 cxd4 11.Nbxd4 Be7 12.Qc2 O-O 13.Rac1 Rfe8 14.Qb3 Nc5 15.Qb5 Qxb5
16.Nxb5 Rec8 17.d4 Nd3 18.Rb1 a6 19.Nc3 b5 20.Ne5 Nxb2 21.Nxd5 Nxd5 22.Bxe7 Rc2
23.Bh4 Nc3 24.Rbe1 f6 25.Nf3 b4 26.Ra1 Nd3 27.Ne1 Nxe1 28.Rfxe1 Rxa2 29.Rac1 Rc8
30.Bg3 b3 31.Rb1 Nxb1 32.Rxb1 b2  0-1

[Event "AUS Masters IM"]
[Site "Melbourne AUS"]
[Date "2013.12.19"]
[Round "6.3"]
[White "Brown,An"]
[Black "Rujevic,M"]
[Result "1-0"]
[WhiteElo "2245"]
[BlackElo "2220"]

1.d4 Nf6 2.Bg5 e6 3.e4 h6 4.Bxf6 Qxf6 5.Nc3 d6 6.Qd2 a6 7.O-O-O Nc6 8.f4 g5
9.g3 Bg7 10.Nf3 g4 11.e5 Qe7 12.Nh4 d5 13.Kb1 Bd7 14.f5 Qg5 15.Qf2 O-O-O
16.f6 Bf8 17.a3 Na5 18.b4 Nc6 19.Ne2 Na7 20.Nf4 Kb8 21.Kb2 Nc8 22.Bd3 Nb6
23.Rhe1 Rc8 24.c3 h5 25.Qe2 Bh6 26.a4 Bxa4 27.Ra1 Qg8 28.Nxh5 Bg5 29.Ng7 Bxh4
30.Ra2 Bg5 31.Rea1 Qd8 32.Rxa4 Nxa4+ 33.Rxa4 c6 34.Bxa6 Qb6 35.Bd3 c5 36.dxc5 Rxc5
37.Qf2 Rc6 38.Qxb6 Rxh2+ 39.Kb3 Rxb6 40.b5 Rd2 41.Rxg4 Bxf6 42.exf6 Rxd3
43.Kb4 e5 44.Ne8 Re6 45.Rg8 Ka7 46.g4 e4 47.g5 e3 48.Nc7 Re4+ 49.Kc5 Rxc3+
50.Kd6 e2 51.Ra8+ Kb6 52.Nxd5+ Kxb5 53.Nxc3+ Kb4 54.Ra4+  1-0

[Event "20th Zadar Open B 2013"]
[Site "Zadar CRO"]
[Date "2013.12.19"]
[Round "7.10"]
[White "Hasanagic,Al"]
[Black "Veleski,R"]
[Result "1-0"]
[WhiteElo "2148"]
[BlackElo "2242"]

1.d4 Nf6 2.Bg5 e6 3.Nd2 h6 4.Bh4 d6 5.e3 Be7 6.c3 c5 7.Bd3 Nc6 8.Bxf6 Bxf6
9.Ngf3 e5 10.d5 Nb8 11.a4 Be7 12.e4 Nd7 13.Nc4 Nb6 14.Ne3 g6 15.a5 Nd7 16.b4 O-O
17.O-O cxb4 18.cxb4 Nf6 19.Ne1 Nh5 20.g3 Bh3 21.N1g2 Rc8 22.a6 b6 23.Bb5 Bg5
24.Qe2 Qe7 25.Rac1 Ng7 26.Rc6 f5 27.f3 f4 28.Nd1 fxg3 29.hxg3 Nh5 30.Kh2 Bd7
31.Rxc8 Rxc8 32.Nf2 Rc3 33.Nd1 Rc7 34.Nf2 Kh7 35.Nh3 Bc8 36.Bc6 Ng7 37.b5 h5
38.Nxg5+ Qxg5 39.Qe3 Qf6 40.Kg1 Rf7 41.Rf2 Bh3 42.Ne1 g5 43.Nd3 Bc8 44.g4 Kg8
45.gxh5 Nxh5 46.Kf1 Rh7 47.Ke2 Nf4+ 48.Kd2 Rh1 49.Bb7 Bh3 50.Kc3 Bf1 51.Nb2 Bxb5
52.Kb4 Be8 53.Qc3 Qd8 54.Rc2 Rb1 55.Kb3 Bb5 56.Ka2 Rf1 57.Qb3 Bd7 58.Qa3 b5
59.Bc6 Qc7 60.Qc3 Rh1 61.Bxd7 Qxd7 62.Qc8+ Qxc8 63.Rxc8+ Kf7 64.Ra8 Ng6 65.Rxa7+ Ne7
66.Ra8 Rc1 67.a7 Rc7 68.Rf8+ Kxf8 69.a8=Q+ Kf7 70.Kb3 Ng6 71.Qd8 Re7 72.Nd3 Nh4
73.Ne1 Ng6 74.Qxd6 Ra7 75.Nd3 Re7 76.Kb4 Nf4 77.Nxf4 gxf4 78.Kxb5  1-0

[Event "WYCC U16 Girls 2013"]
[Site "Al-Ain UAE"]
[Date "2013.12.20"]
[Round "3.30"]
[White "Munoz,Claudia"]
[Black "Serefidou,D"]
[Result "1-0"]
[WhiteElo "1781"]
[BlackElo "1958"]

1.d4 Nf6 2.Bg5 e6 3.e4 h6 4.Bxf6 Qxf6 5.c3 d6 6.Bd3 g6 7.Ne2 Bg7 8.O-O O-O
9.f4 b6 10.Nd2 Qe7 11.Rf3 f5 12.Qb3 Kh7 13.Re1 Bb7 14.Ng3 Qf7 15.d5 Bc8 16.Bc4 Re8
17.Rfe3 e5 18.exf5 Bxf5 19.Nxf5 Qxf5 20.fxe5 Bxe5 21.Nf3 Nd7 22.Bb5 Re7 23.Bxd7 Qxd7
24.Nxe5 Rxe5 25.Rxe5 dxe5 26.Rxe5 Re8 27.Rxe8 Qxe8 28.Kf2 Qe5 29.Qd1 Qf4+
30.Kg1 Qe3+ 31.Kh1 Qe5 32.h3 Kg7 33.Qd2 Qf5 34.Qd4+ Kf7 35.Qc4 Qb1+ 36.Kh2 Qxb2
37.d6+ Ke8 38.dxc7  1-0